Pilotos de F1 década 2000s - Estadísticas

Estadísticas generales
  • Esta prueba ha sido intentada 43 veces
  • La puntuación promedio es 34 de 71
Estadísticas de respuestas
Temporadas Nacionalidad Piloto % Correcto
1991 - 2006, 2010 - 2012 Alemania Michael Schumacher
97%
1997 - 2007 Alemania Ralf Schumacher
97%
2007 - Act. Reino Unido Lewis Hamilton
90%
2001, 2003 - 2018, 2021 - Act. España Fernando Alonso
87%
1991 - 2001 Finlandia Mika Häkkinen
87%
2000 - 2017 Reino Unido Jenson Button
83%
2001 - 2009, 2012 - 2021 Finlandia Kimi Räikkönen
83%
1993 - 2011 Brasil Rubens Barrichello
83%
1997 - 2011 Italia Jarno Trulli
80%
1999- 2002, 2005 - 2006, 2010 - 2012 España Pedro de la Rosa
80%
2007 - 2022 Alemania Sebastian Vettel
80%
2002, 2004 - 2017 Brasil Felipe Massa
73%
1996 - 2006 Canadá Jacques Villeneuve
73%
2002 -2013 Australia Mark Webber
73%
1994 - 2008 Reino Unido David Coulthard
67%
2007 - 2013 Finlandia Heikki Kovalainen
67%
1994 - 1998, 2000 - 2001, 2003 Países Bajos Jos Verstappen
67%
2001 - 2006 Colombia Juan Pablo Montoya
67%
2006 - 2010, 2019, 2021 Polonia Robert Kubica
67%
2002 - 2008 Japón Takuma Satō
67%
2006 - 2016 Alemania Nico Rosberg
63%
2009 - 2011 España Jaime Alguersuari
57%
2005, 2011- 2012 India Narain Karthikeyan
53%
2008 - 2009 Brasil Nelson Piquet Jr.
53%
2005 - 2006 Portugal Tiago Monteiro
53%
2006 Japón Yuji Ide
53%
2004 - 2006, 2010 Austria Christian Klien
50%
2009, 2012 - 2020 Francia Romain Grosjean
50%
2004, 2008 - 2012 Alemania Timo Glock
50%
2005 - 2007, 2009 - 2011 Italia Vitantonio Liuzzi
50%
2005 - 2007 Países Bajos Christijan Albers
47%
1999 - 2000, 2003 - 2004 España Marc Gené
47%
2000 - 2011 Alemania Nick Heidfeld
47%
2009 - 2011 Suiza Sébastien Buemi
47%
2007 - 2011, 2013 - 2014 Alemania Adrian Sutil
43%
2009 - 2012, 2014 Japón Kamui Kobayashi
43%
1993, 1995 - 1996, 1999, 2009 Italia Luca Badoer
43%
2006 - 2007 EEUU Scott Speed
43%
2008 - 2009 Francia Sébastien Bourdais
43%
1996 - 2009 Italia Giancarlo Fisichella
40%
1994 - 2003 Alemania Heinz-Harald Frentzen
40%
1989 - 2001 Francia Jean Alesi
40%
2007 Alemania Markus Winkelhock
40%
1994 - 1999, 2001 - 2004 Francia Olivier Panis
40%
2006 - 2007, 2010 Japón Sakon Yamamoto
40%
1997 - 2000, 2005, 2007 Austria Alexander Wurz
37%
1993 - 2002 Reino Unido Eddie Irvine
37%
2001 - 2002 Malasia Alex Yoong
33%
2007 - 2009 Japón Kazuki Nakajima
33%
1994 - 2000, 2002 Finlandia Mika Salo
33%
2005 - 2006 Mónaco/Países Bajos Robert Doornbos
33%
2000 - 2001 Argentina Gastón Mazzacane
30%
2003 - 2004 Brasil Cristiano da Matta
27%
1989 - 2000 Reino Unido Johnny Herbert
27%
1996 - 1997, 2001 Brasil Tarso Marques
27%
2002, 2005, 2007 - 2008 Reino Unido Anthony Davidson
23%
2004 Italia Giorgio Pantano
23%
2003 Reino Unido Justin Wilson
23%
2003 Dinamarca Nicolas Kiesa
23%
2003 Irlanda Ralph Firman
23%
2001 República Checa Tomáš Enge
23%
2003, 2004 Hungría Zsolt Baumgartner
23%
2002 Reino Unido Allan McNish
20%
2001 - 2002 Brasil Enrique Bernoldi
20%
2006 Francia Franck Montagny
20%
1995 - 2000 Brasil Pedro Diniz
20%
1999 - 2001, 2004 - 2005 Brasil Ricardo Zonta
20%
2003 - 2005 Brasil Antônio Pizzonia
17%
2004 Italia Gianmaria Bruni
17%
2000 - 2001 Brasil Luciano Burti
17%
2005 Austria Patrick Frieshacher
0%
No se encontraron pruebas coincidentes
Distribución de puntuación
Porcentaje de gente con cada puntuación
Porcentaje por número respondido
Historial de tus puntuaciones
No has intentado esta prueba.